1989 1939 1370 1568 1316 1570 1198 1079 1973 1382 1677 1885 1365 1302 1587 1039 1343 1680 1349 1321 1486 1153 1552 1038 1097 1607 1494 1791 1259 1433 1478 1422 1451 1535 1349 1464 1749 1519 1850 1826 1979 1721 1924 1330 1605 1029 1236 1904 1553 1487 1295 1737 1569 1344 1813 1366 1602 1262 1598 1710 1356 1285 1190 1280 1628 1645 1719 1968 1637 1707 1482 1240 1159 1611 1095 1960 1058 1044 1434 1992 1093 1986 1016 1100 1264 1102 1880 1831 1846 1796 1761 1392 2000 1067 1762 1495 1694 1668 1432 BCNSPRNW ULIB Ver.6.0+V

เปลี่ยนเป็นภาษาไทย

Change to English
 แสดงรายละเอียดบรรณานุกรม
  กลับหน้าหลัก

Brief Record : Get Marc (ISO 2709) : E-mail record : QR code < ปิดหน้าต่าง
LEADER : 00000nam 2200000uu 4500
001    13399125142
003     ULIB
008    161019s2559||||th 000 0 tha d
099    ^aวจ.LB1060^bว255ผ
100    ^aวรรณภา ประทุมโทน
245    ^aผลของรูปแบบการสร้างเสริมสุขภาพต่อสถานะสุขภาพของบุคลากร วิทยาลัยพยาบาลบรมราชชนนี พุทธชินราช /^cวรรณภา ประทุมโทน,ภัณฑิรชา เฟื่องทอง
260    ^aพิษณุโลก :^bวิทยาลัยพยาบาลบรมราชชนี พุทธชินราช,^c2559
300    ^a55 หน้า
700 0  ^aภัณฑิรชา เฟื่องทอง
710 1  ^aวิทยาลัยพยาบาลบรมราชชนี พุทธชินราช
945    ^p0^l0^i001389
995    ^aณรีรัตน์
999 ^a ณรีรัตน์
รายการนี้ยังไม่มีแท็ก
คุณยังไม่ได้ล็อกอิน คุณสามารถมีกิจกรรมร่วมกับเว็บไซต์ได้ แต่ต้องล็อกอินก่อน ::
  ล็อกอิน

รายการสื่อสารสนเทศ

ลำดับที่ ประเภท เลขเรียก/บาร์โค้ด สถานที่ สถานะ
1. งานวิจัย
งานวิจัย
วจ.LB1060 ว255ผ ฉ.1 
  Barcode: 001389
ห้องสมุดวิทยาเขตสวรรค์ประชารักษ์
►วิจัย
บนชั้น

รายการใกล้เคียง
    ผู้แต่ง [วรรณภา ประทุมโทน]

BibComment


ยังไม่เคยถูกคอมเมนท์

คอมเมนท์ทรัพยากรรายการนี้
  คอมเมนท์: ผลของรูปแบบการสร..


 Copyright 2026. Bcnsprnw @Library